00763cam a2200217 a 4500001001000000003000400010005001700014008004100031040002500072082002300097100006200120245010600182260005900288300003200347490001300379504003200392600003500424651003600459700003700495830001300532000002086OSt20210318124521.0760820q19731974ve a b 001 0bspa  aDO-SdBNPbspacBNPHU 4a987.063bR771c2221 aRondón Márquez, R. A. q(Rafael Angel),d1898-1966.10aCrespo y la revolución legalista /cR. A. Rondón Márquez ; prólogo de Ramón J. Velásquez. a[Caracas]? :bEdiciones de la Contraloría,c[1973]?. avi, 303 p. :bil. ;c23 cm.1 aHistoria aBibliografía: p. 301-303.14aCrespo, Joaquín,d1841-1898. 4aVenezuelaxHistoriay1830-1935.1 aVelásquez, Ramón J.epról. 0aHistoria